000 00691cam a2200205 4500
001 WS116467
008 020125n 000 0 eng u
035 _a(Sirsi) u116467
245 _aAgriculture Network Information Center
520 _aWeb site describes itself as 'a guide to quality agricultural information on the internet' selected by the US National Agricultural Library browsable by subject.
650 _aINTERNATIONAL
650 _aAGRICULTURE
650 _aEnvironment
_96238
650 _aFARMING
650 _aFOOD
650 _aFORESTRY
690 _aRURAL
_96268
856 4 0 _uhttps://www.agnic.org
_View the website free of charge at www.agnic.org...
942 _n0
999 _c119993
_d119993